Scotland's towns (Record no. 120734)

MARC details
000 -LEADER
fixed length control field 00751cai a22001815a 4500
001 - CONTROL NUMBER
control field E145883
008 - FIXED-LENGTH DATA ELEMENTS--GENERAL INFORMATION
fixed length control field 081119u xxk g 000 0 eng d
035 ## - SYSTEM CONTROL NUMBER
System control number (Sirsi) u145883
041 0# - LANGUAGE CODE
Language code of text/sound track or separate title eng
110 2# - MAIN ENTRY--CORPORATE NAME
Corporate name or jurisdiction name as entry element Scotland
Subordinate unit Scottish Government
9 (RLIN) 5344
245 00 - TITLE STATEMENT
Title Scotland's towns
Medium [electronic resource]
520 ## - SUMMARY, ETC.
Summary, etc. Website aimed at allowing those involved with Scotland's town centres to share best practice, information and guidance. Includes sections on legislation and policy, planning and design guides, and publications and reports.
590 ## - LOCAL NOTE (RLIN)
Local note KA
651 #4 - SUBJECT ADDED ENTRY--GEOGRAPHIC NAME
Geographic name Scotland
Chronological subdivision 1999-
690 ## - LOCAL SUBJECT ADDED ENTRY--TOPICAL TERM (OCLC, RLIN)
Topical term or geographic name as entry element Planning and development
9 (RLIN) 6259
856 40 - ELECTRONIC LOCATION AND ACCESS
Uniform Resource Identifier <a href="https://www.scotlandstowns.org/">https://www.scotlandstowns.org/</a>
Public note View the website free of charge at www.scotlandstowns.org...
942 ## - ADDED ENTRY ELEMENTS (KOHA)
Suppress in OPAC 0
Holdings
Withdrawn status Lost status Source of classification or shelving scheme Damaged status Not for loan Home library Current library Shelving location Date acquired Total Checkouts Full call number Barcode Date last seen Copy number Price effective from Koha item type
    Dewey Decimal Classification     Virtual Virtual Online 19/11/2008   WEBSITE 145883-2001 06/08/2019 1 06/08/2019 Book